Answers Start With D - Statistics

General Stats
  • This quiz has been taken 135 times
  • The average score is 10 of 14
Answer Stats
Hint Answer % Correct
Typically the last course of a meal, full of sweets Dessert
94%
The capital of Colorado Denver
93%
Great Dane, Pitbull, Yorkie Dog
93%
This sport/hobby requires choreography for routines Dance
89%
Period of no rainfall Drought
88%
The capital of this US state is Dover Delaware
83%
Bounce a basketball as one runs/stands Dribble
83%
First name of former president Eisenhower Dwight
80%
NFL team ______ Lions Detroit
73%
Score is tied at 40-40 in tennis Deuce
70%
What you do to find a quotient Divide / Division
67%
Male bee Drone
59%
"In My Feelings" singer Drake
39%
And their middle name? David
37%
No matching quizzes found
Score Distribution
Percent of People with Each Score
Percentile by Number Answered
Your Score History
You have not taken this quiz